[Event "AUTO-OPEN-2516"]
[Site "http://www.queenalice.com/game.php?id=998419"]
[Date "2011.10.17"]
[Round "1"]
[White "Fraquinho"]
[Black "VENUS"]
[Result "1-0"]
[WhiteElo "1801"]
[BlackElo "1997"]

1. Nf3 d5 2. d4 Nc6 3. Bf4 Nf6 4. e3 Bg4 5. Be2 e6 6. O-O Bd6 7. Bxd6 cxd6 8.
Nbd2 O-O 9. h3 Bxf3 10. Nxf3 e5 11. c3 e4 12. Nd2 Nd7 13. Qb3 Nb6 14. a4 Na5 15.
Qb5 Nac4 16. Nxc4 dxc4 17. a5 Nd7 18. Qxb7 Nf6 19. Bxc4 d5 20. Be2 Rb8 21. Qxa7
Rxb2 22. Rfe1 Qb8 23. Qxb8 Rfxb8 24. a6 Ra8 25. Reb1 Rxe2 26. a7 Nd7 27. Rb7 1-0

[Event "AUTO-OPEN-2516"]
[Site "http://www.queenalice.com/game.php?id=998420"]
[Date "2011.10.17"]
[Round "1"]
[White "VENUS"]
[Black "Fraquinho"]
[Result "0-1"]
[WhiteElo "1997"]
[BlackElo "2000"]

1. d4 Nf6 2. Nc3 d5 3. Nf3 c6 4. e3 Bg4 5. Be2 Nbd7 6. h3 Bxf3 7. Bxf3 e6 8. O-O
Bd6 9. Re1 O-O 10. e4 dxe4 11. Nxe4 Nxe4 12. Bxe4 Nf6 13. Bf3 Re8 14. Bg5 h6 15.
Bh4 g5 16. Bg3 Bxg3 17. fxg3 Qb6 18. b3 Rad8 19. c3 e5 20. Kh2 e4 21. Be2 c5 22.
Bc4 cxd4 23. cxd4 Rxd4 24. Qc1 Red8 25. Qa3 R8d6 26. Rf1 Kg7 27. Rae1 a6 28. Qb2
Rxc4 0-1

[Event "AUTO-OPEN-2516"]
[Site "http://www.queenalice.com/game.php?id=998445"]
[Date "2011.10.17"]
[Round "1"]
[White "cucalegal"]
[Black "VENUS"]
[Result "0-1"]
[WhiteElo "1801"]
[BlackElo "1959"]

1. e4 d5 2. Nc3 d4 3. Nce2 e5 4. h3 c5 5. d3 Nc6 6. a3 Bd6 7. Bd2 f5 8. exf5
Bxf5 9. f3 e4 10. fxe4 Qh4+ 11. g3 Bxg3+ 12. Nxg3 Qxg3+ 13. Ke2 Bg6 14. Bf4 Bh5+
15. Nf3 Bxf3+ 16. Kd2 Qxf4+ 17. Ke1 Bxd1 18. Rxd1 Ne5 19. Be2 Qe3 20. Rf1 Ne7
21. Rd2 O-O-O 22. Kd1 Rdf8 23. Rg1 Qxg1+ 0-1

[Event "AUTO-OPEN-2516"]
[Site "http://www.queenalice.com/game.php?id=998446"]
[Date "2011.10.17"]
[Round "1"]
[White "VENUS"]
[Black "cucalegal"]
[Result "1-0"]
[WhiteElo "1915"]
[BlackElo "1759"]

1. e4 e5 2. Nf3 d6 3. h3 h6 4. Bc4 Nf6 5. O-O Nxe4 6. Re1 Nc5 7. d3 Be6 8. Bxe6
Nxe6 9. c3 f6 10. Nh4 g5 11. Qh5+ Kd7 12. Nf5 Qe8 13. Qf3 Nf4 14. Nd2 c6 15. d4
Qe6 16. Ng3 Qd5 17. Nde4 Ke6 18. Qg4+ Ke7 19. Bxf4 gxf4 20. Nh5 Nd7 21. dxe5
dxe5 22. Rad1 Qe6 23. Qh4 Qf7 24. Rd2 Bg7 25. Red1 Rad8 26. Qg4 f5 27. Qh4+ Bf6
28. Nexf6 Nxf6 29. Rxd8 Rxd8 30. Rxd8 Kxd8 31. Qxf6+ Qxf6 32. Nxf6 Ke7 33. Ng8+
Kf7 34. Nxh6+ Kg6 35. Ng4 fxg4 36. hxg4 Kg5 37. f3 Kh6 38. Kf2 Kg5 39. g3 b5 40.
gxf4+ exf4 41. Ke2 Kh4 42. Kd3 Kg3 43. g5 Kxf3 44. g6 Kg4 45. g7 f3 46. g8=Q+
1-0

[Event "AUTO-OPEN-2516"]
[Site "http://www.queenalice.com/game.php?id=998463"]
[Date "2011.10.17"]
[Round "1"]
[White "VENUS"]
[Black "I_BOSS_BO"]
[Result "1-0"]
[WhiteElo "1924"]
[BlackElo "1495"]

1. e4 e5 2. Nf3 Bc5 3. Bc4 Nh6 4. d4 exd4 5. Nxd4 Qe7 6. O-O Qxe4 7. Re1 d5 8.
Bxd5 Qxe1+ 9. Qxe1+ Kd7 10. Nf3 Re8 11. Qc3 1-0

[Event "AUTO-ADV-2314"]
[Site "http://www.queenalice.com/game.php?id=998481"]
[Date "2011.10.17"]
[Round "1"]
[White "willyanF"]
[Black "VENUS"]
[Result "0-1"]
[WhiteElo "1910"]
[BlackElo "1899"]

1. d4 d5 2. c4 c6 3. Nf3 e6 4. Nc3 Nf6 5. Bg5 Be7 6. e3 O-O 7. Bd3 h6 8. Bxf6
Bxf6 9. O-O Nd7 10. a4 Re8 11. Qc2 e5 12. dxe5 Nxe5 13. Nxe5 Rxe5 14. cxd5 cxd5
15. Rad1 Be6 16. Be2 Qc7 17. Qd2 Rd8 18. f4 Rf5 19. g4 d4 20. gxf5 dxc3 21. Qc2
Rxd1 22. Rxd1 Ba2 23. bxc3 Bc4 24. Bxc4 Qxc4 25. Rd7 Qc6 26. Qd3 Qf3 27. c4 Bh4
28. Qd2 Qg4+ 29. Kf1 Qf3+ 30. Kg1 Bf6 31. Qf2 Qc6 32. Qd2 Qxc4 33. Rxb7 Qxa4 34.
Rb4 Qc6 35. Qa2 Qc1+ 36. Kf2 Qh1 37. Kg3 Qe1+ 38. Kf3 Qxb4 39. Qxa7 h5 40. Qa8+
Kh7 41. Qd5 Qe7 42. e4 Qa3+ 43. Kg2 Qb2+ 44. Kg3 h4+ 45. Kh3 Qf2 46. Qxf7 Qf3#
0-1

[Event "AUTO-ADV-2314"]
[Site "http://www.queenalice.com/game.php?id=998482"]
[Date "2011.10.17"]
[Round "1"]
[White "VENUS"]
[Black "willyanF"]
[Result "1-0"]
[WhiteElo "1938"]
[BlackElo "1905"]

1. d4 e6 2. e4 d5 3. exd5 exd5 4. Nf3 Bg4 5. Be2 Nf6 6. O-O Nbd7 7. c3 Bd6 8.
Bg5 O-O 9. Nbd2 h6 10. Bxf6 Nxf6 11. Bd3 Qd7 12. Qc2 b6 13. h3 Be6 14. Nh4 Nh5
15. Bf5 Rae8 16. Rae1 Re7 17. Bxe6 Rxe6 18. Nf5 Rfe8 19. Rxe6 Rxe6 20. Nxd6 Qxd6
21. Nf3 Qd7 22. Ne5 Qb5 23. a4 Qe8 24. b3 g5 25. Ng4 Kg7 26. Ne5 f6 27. Ng4 Re2
28. Qf5 Qc6 29. Qf3 Nf4 30. g3 Nxh3+ 31. Kg2 Qe6 32. Ne3 Nxf2 33. Qxe2 1-0

[Event "AUTO-ADV-2314"]
[Site "http://www.queenalice.com/game.php?id=998495"]
[Date "2011.10.17"]
[Round "1"]
[White "merdanata"]
[Black "VENUS"]
[Result "0-1"]
[WhiteElo "1807"]
[BlackElo "1950"]

1. e4 d5 2. exd5 Nf6 3. Bc4 c6 4. dxc6 Nxc6 5. Nc3 e6 6. a3 Be7 7. Nf3 a6 8. d3
O-O 9. O-O h6 10. Be3 b5 11. Ba2 Bb7 12. Re1 Qc7 13. Ne2 Rad8 14. Qd2 Bd6 15.
Ng3 Ng4 16. h3 Nxe3 17. Rxe3 Bxg3 18. fxg3 Qxg3 19. Rf1 Qc7 20. Nh2 Nd4 21. c3
Nf5 22. Ree1 Ng3 23. Rf4 Qc6 24. Nf3 Qc7 25. Rg4 Nf5 26. Bb1 Bxf3 27. gxf3 h5
28. Rg2 Nh4 29. Ree2 Nxf3+ 0-1

[Event "AUTO-ADV-2314"]
[Site "http://www.queenalice.com/game.php?id=998496"]
[Date "2011.10.17"]
[Round "1"]
[White "VENUS"]
[Black "merdanata"]
[Result "1-0"]
[WhiteElo "1941"]
[BlackElo "1804"]

1. d4 Nf6 2. Nc3 e6 3. a3 b6 4. e4 Bb7 5. Bd3 d6 6. Nf3 g6 7. O-O Bg7 8. Bg5 Qd7
9. Re1 O-O 10. h3 Nh5 11. g4 Nf6 12. Bxf6 Bxf6 13. e5 Bg7 14. Be4 d5 15. Bd3 Qe7
16. Ne2 Nd7 17. Ng3 f5 18. gxf5 exf5 19. c3 Qe6 20. Ng5 Qe7 21. f4 Bh6 22. h4 c5
23. Qd2 c4 24. Bc2 Bg7 25. Kg2 Rfe8 26. h5 h6 27. Nf3 g5 28. fxg5 hxg5 29. Nxf5
Qf8 30. Qxg5 Kh8 31. N3h4 Kg8 32. Nh6+ 1-0

[Event "AUTO-ADV-2314"]
[Site "http://www.queenalice.com/game.php?id=998503"]
[Date "2011.10.17"]
[Round "1"]
[White "leclair"]
[Black "VENUS"]
[Result "1-0"]
[WhiteElo "2028"]
[BlackElo "2014"]

1. e4 d5 2. exd5 Nf6 3. d4 c6 4. Nf3 Bg4 5. Be2 cxd5 6. Bf4 a6 7. O-O e6 8. h3
Bxf3 9. Bxf3 Bd6 10. Qd2 O-O 11. Nc3 Bxf4 12. Qxf4 Nc6 13. a3 Qb6 14. Rad1 Qxb2
15. Na4 Qxa3 16. Nc5 b5 17. g4 Ne7 18. g5 Ng6 19. Qg3 Ne4 20. Bxe4 1-0

[Event "AUTO-ADV-2314"]
[Site "http://www.queenalice.com/game.php?id=998504"]
[Date "2011.10.17"]
[Round "1"]
[White "VENUS"]
[Black "leclair"]
[Result "1/2-1/2"]
[WhiteElo "1947"]
[BlackElo "2021"]

1. d4 Nf6 2. Nc3 d5 3. Nf3 g6 4. e3 Bg7 5. Bd3 O-O 6. h3 c5 7. O-O a6 8. Ne2 Nc6
9. c3 e6 10. Ng3 c4 11. Bc2 b5 12. e4 a5 13. e5 Nd7 14. Nh2 b4 15. f4 a4 16.
Bxa4 Qb6 17. Bxc6 Qxc6 18. Ne2 Bb7 19. Nf3 bxc3 20. bxc3 Ra6 21. g4 Rfa8 22. a3
Bf8 23. Ng3 Ra4 24. f5 exf5 25. gxf5 Bxa3 26. Bxa3 Rxa3 27. Rxa3 Rxa3 28. Qc1
Rb3 29. f6 Nxf6 30. exf6 Qxf6 31. Ne5 Qh4 32. Kg2 Bc8 33. Rh1 Qe7 34. h4 f6 35.
Nf3 Ra3 36. h5 Ra2+ 37. Kf1 Bg4 38. Ne1 Qe6 39. hxg6 Bh3+ 40. Kg1 Qxe1+ 41. Qxe1
Rg2+ 42. Kf1 Rh2+ 43. Kg1 Rg2+ 44. Kf1 Rh2+ 45. Kg1 1/2-1/2

[Event "AUTO-MASTER-1520"]
[Site "http://www.queenalice.com/game.php?id=998643"]
[Date "2011.10.17"]
[Round "1"]
[White "VladimirSpirin"]
[Black "VENUS"]
[Result "1-0"]
[WhiteElo "2057"]
[BlackElo "1966"]

1. b3 d5 2. Bb2 c5 3. g3 Nc6 4. Bg2 e5 5. e3 Nf6 6. h3 Be7 7. Nf3 e4 8. Ng1 O-O
9. Ne2 g5 10. g4 Nd7 11. Ng3 Nde5 12. Nc3 Ng6 13. Nh5 f5 14. Qe2 f4 15. Bf1 f3
16. Qd1 a6 17. Nxd5 Nce5 18. Nxe7+ Qxe7 19. a4 Be6 20. d4 Rad8 21. Qc1 Nc6 22.
dxc5 Qxc5 23. c4 Rd7 24. Nf6+ Rxf6 25. Bxf6 Nge5 26. Qc3 Nd3+ 27. Bxd3 Rxd3 28.
Qc1 Rxb3 29. O-O h6 30. Rb1 Na5 31. Rxb3 Nxb3 32. Qc3 Bxc4 33. Rd1 b5 34. axb5
axb5 35. Rd8+ Kf7 36. Bh8 1-0

[Event "AUTO-MASTER-1520"]
[Site "http://www.queenalice.com/game.php?id=998644"]
[Date "2011.10.17"]
[Round "1"]
[White "VENUS"]
[Black "VladimirSpirin"]
[Result "0-1"]
[WhiteElo "1997"]
[BlackElo "2062"]

1. d4 b6 2. e4 Bb7 3. Nc3 g6 4. Nf3 Bg7 5. Be2 d6 6. O-O e6 7. Re1 Nd7 8. Bf4 h6
9. Bd3 a6 10. e5 dxe5 11. Nxe5 Nxe5 12. Bxe5 Bxe5 13. dxe5 Qg5 14. Be4 Bxe4 15.
Rxe4 Rd8 16. Qe2 b5 17. Rd1 Rxd1+ 18. Qxd1 Ne7 19. h3 Nc6 20. f4 Qe7 21. a3 O-O
22. Qg4 Rd8 23. Ne2 Qc5+ 24. Kh2 Qxc2 25. Re3 Qxb2 26. Nc3 Qc1 27. Rg3 Qf1 28.
Qh4 Kh7 29. Qf6 Rd7 30. f5 Qxf5 0-1

[Event "AUTO-MASTER-1520"]
[Site "http://www.queenalice.com/game.php?id=998657"]
[Date "2011.10.17"]
[Round "1"]
[White "samurai"]
[Black "VENUS"]
[Result "1-0"]
[WhiteElo "2130"]
[BlackElo "1944"]

1. Nf3 d5 2. d4 Nc6 3. c4 e6 4. e3 Nf6 5. Bd3 Be7 6. O-O O-O 7. Nc3 Re8 8. Re1
Nb4 9. Bb1 dxc4 10. a3 Nc6 11. Qc2 g6 12. Qe2 Na5 13. Ba2 Nb3 14. Rb1 Nxc1 15.
Rbxc1 a6 16. Bxc4 b5 17. Bd3 Bb7 18. Ne5 Bd6 19. f4 c5 20. dxc5 Bxe5 21. fxe5
Nd5 22. Ne4 f5 23. exf6 Nxf6 24. c6 Bc8 25. Red1 Qe7 26. Rf1 Nxe4 27. Bxe4 Ra7
28. Qf3 Qg7 29. Qe2 Ree7 30. Qd2 Re8 31. Qb4 1-0

[Event "AUTO-MASTER-1520"]
[Site "http://www.queenalice.com/game.php?id=998658"]
[Date "2011.10.17"]
[Round "1"]
[White "VENUS"]
[Black "samurai"]
[Result "0-1"]
[WhiteElo "1953"]
[BlackElo "2123"]

1. d4 Nf6 2. Nc3 d5 3. Nf3 e6 4. e3 Bd6 5. Bd3 c5 6. O-O Nc6 7. Re1 O-O 8. e4
dxe4 9. Nxe4 Nxe4 10. Bxe4 Nxd4 11. Nxd4 cxd4 12. f4 Bc5 13. Qh5 f5 14. Bd3 Bd7
15. Bc4 Qf6 16. Bd2 a5 17. Bd3 Rfe8 18. Re2 Bc6 19. Rae1 g6 20. Qh3 Re7 21. Kf1
b6 22. Bc4 Rae8 23. Qb3 Be4 24. Bd3 Bd5 25. Qa4 Qh4 26. h3 Qf6 27. c4 dxc3 28.
Bxc3 Qh4 29. Re3 e5 30. Rxe5 Qf2# 0-1

[Event "AUTO-MASTER-1520"]
[Site "http://www.queenalice.com/game.php?id=998665"]
[Date "2011.10.17"]
[Round "1"]
[White "retkat"]
[Black "VENUS"]
[Result "1-0"]
[WhiteElo "2173"]
[BlackElo "1954"]

1. d4 d5 2. c4 c6 3. Nf3 e6 4. Nc3 Nf6 5. e3 Be7 6. Bd3 O-O 7. Bd2 Nbd7 8. O-O
Bd6 9. Rc1 e5 10. cxd5 cxd5 11. Nb5 e4 12. Nxd6 Nb6 13. Bb4 exf3 14. Qxf3 h6 15.
Nxc8 Rxc8 16. Bxf8 Qxf8 17. Qf4 Na8 18. Qd6 1-0

[Event "AUTO-MASTER-1520"]
[Site "http://www.queenalice.com/game.php?id=998666"]
[Date "2011.10.17"]
[Round "1"]
[White "VENUS"]
[Black "retkat"]
[Result "0-1"]
[WhiteElo "1939"]
[BlackElo "2225"]

1. d4 d5 2. Nf3 Nf6 3. e3 e6 4. Bd3 c5 5. c3 Nc6 6. O-O Be7 7. Nbd2 Bd7 8. Re1
O-O 9. a3 Rc8 10. e4 cxd4 11. cxd4 dxe4 12. Nxe4 Qb6 13. Nxf6+ Bxf6 14. Be3 Qxb2
15. Bg5 Bxg5 16. Nxg5 h6 17. Nf3 Qb6 18. Qd2 Qa5 19. Qe3 Qc7 20. Ne5 Qd6 21.
Red1 Rfd8 22. Qf3 Be8 23. Nxc6 Bxc6 24. Be4 Bxe4 25. Qxe4 b5 26. g3 Rc4 27. Rab1
a6 28. Rbc1 Rxd4 29. Rxd4 Qxd4 30. Qxd4 Rxd4 31. Rc6 Ra4 32. Rc3 b4 33. axb4
Rxb4 34. Ra3 Rb6 35. Kg2 f5 36. h4 Kf7 0-1